Prasiatko Gogo ide do školy

Bibliographic Details
Main Author: Pavlovič, Jozef, 1934-2020 (Author, Translator)
Corporate Authors: Kennedy Design (Author), Saro (tex)
Format: Book
Language:Slovak
PhysicalDescription:[21] s. 17x16 cm
Published: Bratislava Mladé letá c2000
ISBN:8006010536
Series:Moji malí kamaráti
Subjects:

MARC

LEADER 00000nam a2200000 a 4500
001 vtls001405432
003 SK-MaSNL
005 20260302001255.0
008 251113s2000 xo r 0 slo
015 |a SNBG2001/02-01482 
020 |a 8006010536 
035 |a SNK000360051 
040 |a SNK  |b slo  |c SNK  |e AACR2 
041 0 |a slo 
044 |a xo  |c SK 
080 |a 087.5(084)  |2 1981 
110 0 |a Kennedy Design  |4 aut  |9 33566 
240 1 0 |a Martino é ora di andare a scuola  |l Slovensky 
245 1 |a Prasiatko Gogo ide do školy  |c ilustrácie Kennedy Design ; text: Saro ; prebásnil Jozef Pavlovič 
260 |a Bratislava  |b Mladé letá  |c c2000 
300 |a [21] s.  |c 17x16 cm 
490 1 |a Moji malí kamaráti 
650 0 7 |a leporelá  |2 SNK  |9 284032 
700 1 |a Pavlovič, Jozef,  |d 1934-2020  |4 aut  |4 trl  |9 200363 
710 0 |a Saro  |4 tex  |9 390253 
830 0 |a Moji malí kamaráti  |9 390254 
919 |a 80-06-01053-6 
958 |a GKH 
958 |a DB 
958 |a TL 
999 |c 983213  |d 985143 
952 |t P60, <03>, [BOOK], {603}  |a SNK  |b SNK  |y PREZ  |7 0  |p 17A0266623  |o snkSD 71357  |i snkKSP 1528/2001  |0 0  |1 0  |4 0  |d 2001-01-29  |l 0  |r 2005-01-02 00:00:00  |w 2026-02-24 
952 |t P60, <04>, [BOOK], {604}  |a SNK  |b SNK  |y VYP  |7 0  |p 17A0266624  |o snkSD 71357 D1  |i snkKSP 1529/2001  |0 0  |1 0  |4 0  |d 2001-01-29  |l 0  |r 2005-01-02 00:00:00  |w 2026-02-24